Guidelines on organization and operation of training schemes and certification procedures for operators of pesticide application equipment FAO
Guardat en:
| Autor principal: | |
|---|---|
| Format: | Llibre |
| Idioma: | Undetermined |
| Publicat: |
Rome, Italy
FAO
2001
|
| Matèries: | |
| Etiquetes: |
Afegir etiqueta
Sense etiquetes, Sigues el primer a etiquetar aquest registre!
|
| Thư viện lưu trữ: | Trung tâm Học liệu Trường Đại học Cần Thơ |
|---|
| LEADER | 00547nam a2200181Ia 4500 | ||
|---|---|---|---|
| 001 | CTU_54061 | ||
| 008 | 210402s9999 xx 000 0 und d | ||
| 082 | |a 632.95 | ||
| 082 | |b F686 | ||
| 100 | |a FAO | ||
| 245 | 0 | |a Guidelines on organization and operation of training schemes and certification procedures for operators of pesticide application equipment | |
| 245 | 0 | |b FAO | |
| 260 | |a Rome, Italy | ||
| 260 | |b FAO | ||
| 260 | |c 2001 | ||
| 650 | |a pesticides | ||
| 650 | |x application | ||
| 980 | |a Trung tâm Học liệu Trường Đại học Cần Thơ | ||